000 01074cam a2200337 i 4500
001 vtls003257953
003 MY-SjTCS
005 20200226115954.0
008 141106s2011 nyu d 000 1 eng
020 _a9781250006332 (paperback)
039 9 _a201809071345
_bVLOAD
_c201604191020
_dpatrick
_c201502131415
_dpushpa
_c201502131411
_dpushpa
_y201411061704
_zmalathy
040 _erda
082 0 4 _a813.6
_bHOC 2011
100 1 _aHocking, Amanda.
_971682
245 1 0 _aAscend /
_cAmanda Hocking.
264 1 _aNew York :
_bSt. Martin's Griffin,
_c[2011]
264 4 _c©2011
300 _a326 pages ;
_c22 cm
336 _atext
_2rdacontent
337 _aunmediated
_2rdamedia
338 _avolume
_2rdacarrier
490 1 _aTrylle trilogy ;
_v#3
500 _a"New! Bonus story inside"--Cover.
590 _aEnglish : ENG4U
650 0 _aPrincesses
_vFiction.
_963541
650 0 _aTrolls
_vFiction.
650 0 _aChangelings
_vFiction.
650 0 _aParanormal fiction.
_917743
800 1 _aHocking, Amanda.
_tTrylle trilogy ;
_vbk. 3.
920 _aCPU : 214298
999 _c156865